003850000a22001090004500090001700000245012600017041001400143100003200157942001300189773005600202999001700258 aAsbSeriadas10aImpacto de las agrobiotecnologías en el desarrollo agrícola sostenible de la región de América Latina y el Caribe0 aEspañol1 aArtunduaga, Rodrigo9100046 cARTICULO1 tColombia Ciencia & Tecnologíah3q28-37d2002g20 c15819d15819